000 01197cam a22003733a 4500
003 OSt
005 20140310184323.0
008 000802s2000 nyua c 000 1 eng d
010 _a 2002567564
020 _a043920772X (pbk.)
035 _a(OCoLC)ocm44706970
040 _aIMF
_cIMF
_dOCL
_dDLC
042 _alccopycat
050 0 0 _aPZ 7
_b.Ab131t9 2000
100 1 _aAbbott, Tony,
_d1952-
_923644
245 1 4 _aThe tower of the Elf king /
_cTony Abbott ; illustrated by David Merrell.
260 _aNew York :
_bScholastic,
_c2000.
300 _a100 p. :
_bill. ;
_c20 cm.
490 1 _aThe secrets of Droon ;
_v9
521 _aG2
526 _c340
650 0 _aImaginary places
_vFiction.
_923645
655 7 _aChildren's stories.
_2lcsh
_93012
655 7 _aFantasy fiction.
_2gsafd
_93053
700 1 _aMerrell, David,
_d1973-
_923646
710 2 _aCopyright Paperback Collection (Library of Congress)
_5DLC
_9705
800 1 _aAbbott, Tony,
_d1952-
_tSecrets of Droon ;
_v9.
_923647
906 _a7
_bcbc
_ccopycat
_d2
_encip
_f20
_gy-genrareb
942 _2lcc
_cBK-SCHOLAS
999 _c33608
_d33608